[Event "Tatry op"]
[Site "Tatranske Zruby"]
[Date "2012.09.29"]
[Round "8"]
[White "Selecky, Julius"]
[Black "Mikus, Peter"]
[Result "0-1"]
[WhiteElo "1959"]
[BlackElo "1767"]
[PlyCount "76"]
[EventDate "2012.09.23"]
[EventType "swiss"]
[EventRounds "9"]
[EventCountry "SVK"]
[SourceTitle "EXT 2023"]
[Source "ChessBase"]
[SourceDate "2022.10.05"]
[SourceVersion "1"]
[SourceVersionDate "2022.10.05"]
[SourceQuality "1"]

1. e4 e5 2. Nf3 Nc6 3. Bb5 Nf6 4. 0-0 Be7 5. Re1 d6 6. h3 Bd7 7. c3 a6 8. Ba4 b5 9. Bb3 0-0 10. d4 Re8 11. Nbd2 h6 12. Nf1 Bf8 13. Ng3 Na5 14. Bc2 c5 15. d5 Nb7 16. Nf5 Bxf5 17. exf5 c4 18. Nh2 Nc5 19. Ng4 Nxg4 20. Qxg4 Qf6 21. Be3 Nd7 22. Rad1 Be7 23. g3 Bd8 24. Kg2 Bb6 25. Bxb6 Nxb6 26. Qh5 Nd7 27. Re4 Nc5 28. Ree1 e4 29. Rd4 Nd3 30. Rdxe4 Nxe1+ 31. Rxe1 Rxe1 32. Be4 Re8 33. Qg4 Qg5 34. Qf3 Qc1 35. h4 Rg1+ 36. Kh3 h5 37. Qxh5 Qf1+ 38. Kg4 Qxf2 0-1

[Event "Tatry op"]
[Site "Tatranske Zruby"]
[Date "2012.09.25"]
[Round "4"]
[White "Selecky, Julius"]
[Black "Dobrowolski, Henryk"]
[Result "0-1"]
[WhiteElo "1959"]
[BlackElo "1815"]
[PlyCount "80"]
[EventDate "2012.09.23"]
[EventType "swiss"]
[EventRounds "9"]
[EventCountry "SVK"]
[SourceTitle "CBM 150 Extra"]
[Source "ChessBase"]
[SourceDate "2012.10.19"]
[SourceVersion "1"]
[SourceVersionDate "2012.10.19"]
[SourceQuality "1"]

1. e4 Nf6 2. e5 Nd5 3. d4 d6 4. Nf3 Bg4 5. Be2 e6 6. 0-0 Be7 7. c4 Nb6 8. exd6 cxd6 9. Re1 0-0 10. b3 Bf6 11. Bb2 Nc6 12. Nbd2 d5 13. c5 Nd7 14. b4 Nxb4 15. Nb3 Bf5 16. Qd2 Nc2 17. Rac1 Nxe1 18. Rxe1 h6 19. Bd3 Bxd3 20. Qxd3 a5 21. Ne5 a4 22. Nxd7 Qxd7 23. Nd2 a3 24. Bc1 Qa4 25. Nb3 Qc4 26. Qe3 Bg5 27. f4 Bf6 28. g4 Ra4 29. Rd1 g5 30. Qf2 Qc3 31. fxg5 Bxg5 32. Bxg5 hxg5 33. Qe2 Ra6 34. Rd3 Qb2 35. Rd2 Qb1+ 36. Rd1 Qg6 37. Rd3 f5 38. Rg3 f4 39. Rf3 Qe4 40. Qg2 Kg7 0-1

[Event "Tatry op"]
[Site "Tatranske Zruby"]
[Date "2012.09.24"]
[Round "2"]
[White "Selecky, Julius"]
[Black "Zbirka, Peter"]
[Result "1/2-1/2"]
[WhiteElo "1959"]
[BlackElo "2031"]
[PlyCount "31"]
[EventDate "2012.09.23"]
[EventType "swiss"]
[EventRounds "9"]
[EventCountry "SVK"]
[SourceTitle "CBM 150 Extra"]
[Source "ChessBase"]
[SourceDate "2012.10.19"]
[SourceVersion "1"]
[SourceVersionDate "2012.10.19"]
[SourceQuality "1"]

1. e4 c5 2. Nf3 d6 3. d4 cxd4 4. Nxd4 Nf6 5. Nc3 g6 6. Be3 Bg7 7. f3 0-0 8. Qd2 Nc6 9. 0-0-0 Nxd4 10. Bxd4 Be6 11. Kb1 a6 12. g4 b5 13. h4 Re8 14. h5 Qa5 15. hxg6 fxg6 16. Nd5 1/2-1/2

[Event "Liechtenstein op 25th"]
[Site "Triesen"]
[Date "2007.05.16"]
[Round "6"]
[White "Schmidlechner, Alexander"]
[Black "Selecky, Julius"]
[Result "1-0"]
[WhiteElo "2246"]
[BlackElo "2120"]
[PlyCount "87"]
[EventDate "2007.05.11"]
[EventType "swiss"]
[EventRounds "9"]
[EventCountry "LIE"]
[SourceTitle "CBM 118 Extra"]
[Source "ChessBase"]
[SourceDate "2007.07.04"]
[SourceVersion "1"]
[SourceVersionDate "2007.07.04"]
[SourceQuality "1"]

1. d4 d5 2. c4 c6 3. Nf3 Nf6 4. Nc3 e6 5. Bg5 Nbd7 6. e3 Qa5 7. Nd2 dxc4 8. Bxf6 Nxf6 9. Nxc4 Qc7 10. Bd3 Be7 11. 0-0 0-0 12. Rc1 Rd8 13. Ne5 Qa5 14. Na4 Bd7 15. a3 Rac8 16. b4 Qc7 17. Qb3 Be8 18. Nc5 Bd6 19. f4 Qe7 20. Bb1 b6 21. Ncd3 Ne4 22. Qc2 Nf6 23. Nc4 Bb8 24. Qe2 g6 25. g4 Rd5 26. Qf3 Rcd8 27. Nce5 Rc8 28. Ba2 Rdd8 29. f5 exf5 30. gxf5 Rd6 31. fxg6 hxg6 32. Nxg6 Qe4 33. Qxe4 Nxe4 34. Ne7+ Kf8 35. Nxc8 Rg6+ 36. Kh1 Rh6 37. Ne5 Ng3+ 38. Kg2 Nxf1 39. Rxf1 f6 40. Ng4 Rg6 41. Rxf6+ Kg7 42. Rxg6+ Bxg6 43. Kf3 Bh5 44. Ne7 1-0

[Event "Liechtenstein op 25th"]
[Site "Triesen"]
[Date "2007.05.15"]
[Round "5"]
[White "Selecky, Julius"]
[Black "Raeber, Markus"]
[Result "0-1"]
[WhiteElo "2120"]
[BlackElo "2243"]
[PlyCount "110"]
[EventDate "2007.05.11"]
[EventType "swiss"]
[EventRounds "9"]
[EventCountry "LIE"]
[SourceTitle "CBM 118 Extra"]
[Source "ChessBase"]
[SourceDate "2007.07.04"]
[SourceVersion "1"]
[SourceVersionDate "2007.07.04"]
[SourceQuality "1"]

1. e4 d6 2. d4 Nf6 3. Nc3 g6 4. f4 Bg7 5. Nf3 c5 6. Bb5+ Bd7 7. e5 Ng4 8. e6 Bxb5 9. exf7+ Kd7 10. Nxb5 Qa5+ 11. Nc3 cxd4 12. Nxd4 Bxd4 13. Qxg4+ Qf5 14. Qxf5+ gxf5 15. Bd2 Rf8 16. 0-0-0 Nc6 17. Ne2 Bb6 18. Bc3 Rxf7 19. Rd3 Rg8 20. g3 h5 21. Nd4 Bxd4 22. Bxd4 Rg4 23. Bc3 a6 24. a3 Rh7 25. Rhd1 h4 26. Be1 hxg3 27. Bxg3 Nd8 28. Rd5 Rh5 29. c4 b6 30. c5 bxc5 31. Rxc5 Ne6 32. Rc4 Rh8 33. Rd3 Rc8 34. Rxc8 Kxc8 35. Rd5 Nxf4 36. Rxf5 Ne2+ 37. Kd2 Nxg3 38. hxg3 Rxg3 39. Rf7 Rg2+ 40. Kc3 Re2 41. b4 Kb7 42. Kd3 Re5 43. Kd4 Re1 44. Kc4 Kc6 45. Rf5 Rc1+ 46. Kb3 e5 47. Kb2 Rh1 48. Rf2 Rh3 49. Rc2+ Kd5 50. Rd2+ Ke6 51. a4 e4 52. b5 axb5 53. a5 d5 54. a6 b4 55. a7 Ra3 0-1

[Event "Zuerich op-B 28th"]
[Site "Zuerich"]
[Date "2004.12.??"]
[Round "3"]
[White "Selecky, Julius"]
[Black "Guidolin, Josef"]
[Result "1-0"]
[WhiteElo "1789"]
[BlackElo "1653"]
[PlyCount "45"]
[EventDate "2004.12.26"]
[EventType "swiss"]
[EventRounds "7"]
[EventCountry "SUI"]
[SourceTitle "EXT 2006"]
[Source "ChessBase"]
[SourceDate "2005.11.24"]
[SourceVersion "1"]
[SourceVersionDate "2005.11.24"]
[SourceQuality "1"]

1. e4 c6 2. d4 d5 3. exd5 cxd5 4. c4 Nf6 5. Nc3 e6 6. Bd3 Nbd7 7. Nf3 Bb4 8. Qb3 Bxc3+ 9. bxc3 dxc4 10. Bxc4 a6 11. Ba3 b5 12. Bxe6 Rf8 13. Ng5 Ne5 14. dxe5 Bxe6 15. Nxe6 Qd3 16. Nc7+ Kd7 17. Rd1 Qxd1+ 18. Qxd1+ Kxc7 19. Bxf8 Rd8 20. Bd6+ Kc8 21. exf6 gxf6 22. Qd5 Re8+ 23. Kd2 1-0